000 00217 a2200097 4500
001 23277
100 _aCox, H L
245 _aDesign of Structure of Least weight
260 _a
_bPergamon
_c1965
090 _c15784
_d15784
942 _aNUST-CAE
_cM
_c6429
999 _c258350
_d258350